[Event "VIE-ch U13"]
[Site "Da Lat"]
[Date "2013.07.??"]
[Round "9"]
[White "Hoang, Trinh Thien Vu"]
[Black "Le, Do Hoang Khang"]
[Result "1-0"]
[WhiteElo "1952"]
[BlackElo "1957"]
[PlyCount "131"]
[EventDate "2013.07.13"]
[EventType "swiss"]
[EventRounds "9"]
[EventCountry "VIE"]
[SourceTitle "EXT 2014"]
[Source "ChessBase"]
[SourceDate "2013.11.20"]
[SourceVersion "1"]
[SourceVersionDate "2013.11.20"]
[SourceQuality "1"]

1. d4 d5 2. c4 e6 3. Nc3 Nf6 4. Bg5 Be7 5. e3 h6 6. Bf4 0-0 7. Nf3 Nc6 8. Nb5 Bb4+ 9. Nd2 Ne4 10. Nc3 Nxc3 11. bxc3 Bxc3 12. Rc1 Bb2 13. Rb1 Ba3 14. Be2 b6 15. 0-0 Bd6 16. Bxd6 Qxd6 17. cxd5 Qxd5 18. Qc2 Bb7 19. Bf3 Qd6 20. Rfc1 Nd8 21. Bxb7 Nxb7 22. Qxc7 Qxc7 23. Rxc7 Nd6 24. h3 Rfc8 25. Rbc1 Rxc7 26. Rxc7 Ne8 27. Rc2 a5 28. Rb2 Ra6 29. Nc4 a4 30. Rxb6 Rxb6 31. Nxb6 a3 32. Nc4 Nc7 33. Nxa3 f5 34. Nc4 Nb5 35. a4 Nc7 36. Kh2 g5 37. Kg3 Kf7 38. Nd6+ Ke7 39. Nb5 Na6 40. f4 gxf4+ 41. Kxf4 Kf6 42. Nd6 Nc7 43. a5 Nd5+ 44. Kf3 Nb4 45. Nb5 Kg5 46. Nc7 Nc6 47. a6 Na7 48. Nxe6+ Kf6 49. Nc5 Ke7 50. Kf4 Kf6 51. Nb7 Ke6 52. e4 fxe4 53. Kxe4 Nb5 54. Nd8+ Kd7 55. Nf7 h5 56. Ne5+ Kc7 57. g4 hxg4 58. hxg4 Nd6+ 59. Kd5 Nb5 60. Nc6 Nc3+ 61. Kc4 Ne4 62. a7 Nd6+ 63. Kd5 Nc8 64. Kc5 Nxa7 65. Nxa7 Kd7 66. d5 1-0

[Event "VIE-ch U13"]
[Site "Da Lat"]
[Date "2013.07.??"]
[Round "2"]
[White "Nguyen, Dinh Thien Phuc"]
[Black "Le, Do Hoang Khang"]
[Result "1-0"]
[WhiteElo "1970"]
[BlackElo "1957"]
[PlyCount "41"]
[EventDate "2013.07.13"]
[EventType "swiss"]
[EventRounds "9"]
[EventCountry "VIE"]
[SourceTitle "EXT 2014"]
[Source "ChessBase"]
[SourceDate "2013.11.20"]
[SourceVersion "1"]
[SourceVersionDate "2013.11.20"]
[SourceQuality "1"]

1. e4 d5 2. exd5 Qxd5 3. Nc3 Qa5 4. d4 c6 5. Bc4 e6 6. Nf3 Qc7 7. Be3 Bb4 8. Qd3 Bxc3+ 9. Qxc3 Nf6 10. 0-0 0-0 11. Rfe1 Re8 12. Bg5 Ng4 13. h3 Nf6 14. Bxf6 gxf6 15. Bb3 Nd7 16. Rad1 b6 17. d5 Bb7 18. dxe6 fxe6 19. Bxe6+ Kf8 20. Rxd7 Qc8 21. Qxf6# 1-0